=LDR 00000nam 2200000 4500 =001 INLIS000000000047075 =005 20251103121435 =035 ##$$a 0010-071500000000045 =008 251103###########################0#ind## =082 ##$$a 028.5 =090 ##$$a 028.5 jef k.4 =100 ##$$a JEFFREY, Gary =245 1#$$a Tornado dan badai super /$c Gary Jeffrey; Alih Bahasa,Joe Lesmana =260 ##$$a elex media komputindo =300 ##$$a hln.48 : $b ilus ; $c 17 x 24 cm =850 ##$$a NPBMAT =020 ##$$a 978-979-27-6134-4 =084 ##$$a 028.5 JEF t =990 ##$$a 21008953